| 000 | 00456nam a2200169Ia 4500 | ||
|---|---|---|---|
| 008 | 230711s9999||||xx |||||||||||||| ||und|| | ||
| 020 | _a978-81-203-0943-2 | ||
| 041 | _aENG | ||
| 082 |
_a5.1 _bDE-O |
||
| 100 | _aDeb,Kalyanmoy | ||
| 245 | 0 | _aOptimization for engineering design : algorithms and examples | |
| 250 | _a1st Ed. | ||
| 260 |
_c2010 _aNew Delhi _bPHI Learning Private Limited |
||
| 300 | _a381 | ||
| 650 | _aComputer Engineering | ||
| 942 | _cBK | ||
| 999 |
_c3353 _d3353 |
||